[Event "Individual Zaragoza Primera 2015"]
[Site ""]
[Date "2015.11.01"]
[Round "5.25"]
[White "Abad Viñas Jesús Manuel"]
[Black "Laborda Pérez José Antonio"]
[Result "1-0"]
[WhiteElo "1810"]
[BlackElo "1588"]

1.e4 g6 2.d4 Bg7 3.Nc3 a6 4.Bc4 e6 5.Be3 Nc6 6.a4 d6 7.f4 Qd7 8.Nf3 Nge7 9.O-O
O-O 10.Qe1 d5 11.Bb3 dxe4 12.Nxe4 Nd5 13.Rd1 Nce7 14.Ne5 Qe8 15.Bc1 Nf5 16.Ng4
Kh8 17.Qf2 Qe7 18.Rfe1 Qb4 19.Ne5 Qe7 20.Bxd5 exd5 21.Ng5 Qf6 22.Bd2 Nh6 23.
Bb4 Be6 24.Bxf8 Rxf8 25.Rd3 Ng4 26.Qh4 h6 27.Nxg4 Bxg4 28.Qxg4 hxg5 29.fxg5
Qb6 30.Rh3+ Kg8 31.c3 f6 32.Qe6+ Rf7 33.Qxb6 cxb6 34.Re8+ Bf8 35.gxf6 Rxf6 36.
Rf3 Rxf3 37.gxf3 b5 38.axb5 axb5 39.Rb8 b4 40.cxb4 b6 41.Kg2 Kf7 42.Rxb6 Bh6
43.Kf2 Bc1 44.b3 g5 45.Rc6 Bb2 46.Ke3 Bc1+ 47.Rxc1 1-0

[Event "Individual Zaragoza Primera 2015"]
[Site ""]
[Date "2015.11.01"]
[Round "5.26"]
[White "Sanz Navarro Alberto"]
[Black "Ruiz Gutierrez José Manuel"]
[Result "0-1"]
[WhiteElo "1600"]
[BlackElo "1795"]

1.e4 c5 2.b4 cxb4 3.c4 e5 4.f4 d6 5.Nf3 Nc6 6.d4 exd4 7.Nxd4 Nf6 8.Nxc6 bxc6
9.Nd2 c5 10.Be2 Be7 11.Bf3 Bb7 12.O-O O-O 13.Bb2 a5 14.Qe2 Re8 15.Rad1 Ra7 16.
g4 Bf8 17.g5 Nxe4 18.Nxe4 Bxe4 19.Bxe4 Rae7 20.Rfe1 Rxe4 21.Qxe4 Rxe4 22.Rxe4
Qd7 23.Rde1 d5 24.cxd5 Qxd5 25.Re5 Qxa2 26.R5e2 Qd5 27.Be5 c4 28.f5 Bc5+ 29.
Re3 Qxe5 0-1

[Event "Individual Zaragoza Primera 2015"]
[Site ""]
[Date "2015.11.01"]
[Round "5.27"]
[White "Pellicer Sancho Rafael José"]
[Black "Miranda Herrera Jorge Manuel"]
[Result "1/2-1/2"]
[WhiteElo "1739"]
[BlackElo "1574"]

1.d4 d6 2.e4 Nf6 3.f3 g6 4.Bc4 Bg7 5.Bf4 Nbd7 6.Qd2 O-O 7.Bh6 c5 8.Bxg7 Kxg7
9.Ne2 a6 10.a4 Rb8 11.Nbc3 Qb6 12.O-O Qb4 13.Ba2 b5 14.axb5 axb5 15.b3 Bb7 16.
Nb1 Ra8 17.Qxb4 cxb4 18.c3 bxc3 19.Nbxc3 b4 20.Na4 Ba6 21.Kf2 Rfc8 22.Rfc1
Rxc1 23.Rxc1 Bb5 24.Rc7 Bxa4 25.bxa4 Rxa4 26.Nc1 Ra8 27.Bb3 e5 28.dxe5 dxe5
29.Rb7 Rb8 30.Rc7 Rb6 31.Nd3 Kf8 32.Rc4 Ke7 33.Rxb4 Rxb4 34.Nxb4 Ne8 35.Nc6+
Kf6 36.Ke3 Nc5 37.Bd5 g5 38.g3 Ne6 39.Nb8 Ke7 40.Nc6+ Kd6 41.Nb4 N8c7 42.Bb3
f6 43.Ba4 Nc5 44.Bc2 N5e6 45.Bb3 h5 46.Bxe6 Kxe6 47.f4 g4 48.Nc6 Nb5 49.f5+
Kd7 50.Nb4 Ke7 51.Nc2 Kd6 52.Nb4 Nc7 53.Kd3 Kc5 54.Nc2 Nb5 55.Ne3 Nc7 1/2-1/2

[Event "Individual Zaragoza Primera 2015"]
[Site ""]
[Date "2015.11.01"]
[Round "5.28"]
[White "Gimeno Royo José Andrés"]
[Black "Sedano Jover Adrián"]
[Result "1-0"]
[WhiteElo "1694"]
[BlackElo "1534"]

1.d4 d5 2.Nf3 Nf6 3.Bf4 e6 4.e3 Nbd7 5.Bd3 Be7 6.h3 c5 7.c3 O-O 8.O-O a6 9.a4
b6 10.Nbd2 c4 11.Bc2 Bb7 12.Qe2 b5 13.axb5 axb5 14.e4 Ne8 15.e5 Nc7 16.Qe3 f6
17.exf6 Rxf6 18.Bxc7 Qxc7 19.Ng5 Nf8 20.h4 h6 21.Nh3 Ng6 22.Bxg6 Rxg6 23.Nf4
Rg4 24.Qxe6+ Kh8 25.Rxa8+ Bxa8 26.Qxg4 1-0

[Event "Individual Zaragoza Primera 2015"]
[Site ""]
[Date "2015.11.01"]
[Round "5.29"]
[White "Redolar Cortés Angel"]
[Black "Lozano Velez De Mendizábal Francisco"]
[Result "1/2-1/2"]
[WhiteElo "1567"]
[BlackElo "1694"]

1.e4 e5 2.Nf3 d6 3.Nc3 Bg4 4.Be2 Nc6 5.d3 Be7 6.Be3 Nf6 7.h3 Bxf3 8.Bxf3 O-O
9.Qd2 Nd4 10.Ne2 Nxe2 11.Bxe2 d5 12.exd5 Nxd5 13.O-O Qd7 14.Bf3 c6 15.d4 Nxe3
16.fxe3 Rad8 17.Rad1 Bf6 18.c3 Rfe8 19.Bg4 Qd6 20.Bf5 e4 21.Rf4 Bg5 22.Rg4 Qh6
23.Kh1 Bxe3 24.Qe1 Bg5 25.Rxe4 Rxe4 26.Bxe4 Bh4 27.Qe2 Bg3 28.Rf1 Rf8 1/2-1/2

[Event "Individual Zaragoza Primera 2015"]
[Site ""]
[Date "2015.11.01"]
[Round "5.30"]
[White "Molla Lorente Joaquín"]
[Black "Vallejo Blasco Marta"]
[Result "1/2-1/2"]
[WhiteElo "1666"]
[BlackElo "1471"]

1.e4 c6 2.d4 d5 3.exd5 cxd5 4.c4 Nc6 5.Nf3 Bg4 6.Be2 Nf6 7.Nc3 e6 8.Bg5 Be7 9.
h3 Bh5 10.cxd5 Nxd5 11.Bxe7 Ndxe7 12.Qa4 Bxf3 13.Bxf3 Qxd4 14.Qb3 Qe5+ 15.Ne2
Rb8 16.O-O O-O 17.Rfd1 Nd5 18.Rd2 Rfd8 19.Rad1 Nce7 20.Nc3 b6 21.Nxd5 Nxd5 22.
Bxd5 exd5 23.Rxd5 Rxd5 24.Qxd5 Qxd5 25.Rxd5 h6 26.Rd7 a5 27.Rd6 Kf8 28.Kf1 Ke7
29.Rd2 1/2-1/2

[Event "Individual Zaragoza Primera 2015"]
[Site ""]
[Date "2015.11.01"]
[Round "5.31"]
[White "Muro Guerrero Miguel"]
[Black "Garcia Estruch Mauricio"]
[Result "1/2-1/2"]
[WhiteElo "1664"]
[BlackElo "1275"]

1.e4 c6 2.d4 d5 3.e5 Bf5 4.Nf3 e6 5.Be2 Ne7 6.Bg5 Qb6 7.Qc1 Nd7 8.c3 Rc8 9.b4
h6 10.Be3 Bh7 11.Nbd2 Nf5 12.O-O Be7 13.Nb3 O-O 14.Bd3 Nxe3 15.Bxh7+ Kxh7 16.
fxe3 Qd8 17.Qc2+ Kg8 18.e4 Nb6 19.Na5 Rc7 20.a4 Nd7 21.Qd3 b6 22.Nb3 c5 23.
bxc5 bxc5 24.Nbd2 c4 25.Qe2 Qa8 26.exd5 exd5 27.Rfb1 Qc6 28.Nf1 Rb7 29.Qc2
Rfb8 30.Ne3 Rb3 31.Nd2 R3b7 32.Rxb7 Rxb7 33.Rb1 Bg5 34.Kf2 Rxb1 35.Nxb1 Nb6
36.a5 Na4 37.Nxd5 Qxd5 38.Qxa4 Qe4 39.Qd1 Be3+ 40.Kf1 Qf5+ 41.Qf3 Qxb1+ 42.Ke2
Qd3+ 43.Ke1 Bd2+ 44.Kf2 Qxc3 45.Qa8+ Kh7 46.Qe4+ g6 47.e6 fxe6 48.Qb7+ Kg8 49.
Qc8+ Kf7 50.Qc7+ Kf6 51.Qe5+ Ke7 52.Qc7+ Ke8 53.Qc8+ Kf7 54.Qc7+ Kf8 55.Qc8+
1/2-1/2

[Event "Individual Zaragoza Primera 2015"]
[Site ""]
[Date "2015.11.01"]
[Round "5.32"]
[White "Pintanel Torres Manuel"]
[Black "Arbiol Val Sergio"]
[Result "1-0"]
[WhiteElo "1551"]
[BlackElo "1638"]

1.e4 e5 2.Nf3 Nc6 3.Bc4 Bc5 4.c3 Nf6 5.d3 O-O 6.Bg5 h6 7.Bh4 Re8 8.Nbd2 d6 9.
h3 Be6 10.O-O a6 11.Bxe6 Rxe6 12.Nb3 Bb6 13.Re1 d5 14.d4 g5 15.exd5 Qxd5 16.
Bg3 e4 17.Ne5 Nxe5 18.Bxe5 c5 19.Bxf6 Rxf6 20.dxc5 Qf5 21.Qd4 Rd8 22.Qe3 Rd3
23.g4 Rxe3 24.gxf5 Rxe1+ 25.Rxe1 Bc7 26.Nd4 a5 27.Rxe4 Kf8 28.Kg2 Bb8 29.Kf3
Bf4 30.Kg4 Bc1 31.b3 Bb2 32.Re3 Ba3 33.Re5 Bc1 34.Rd5 Bd2 35.c4 Bf4 36.Rd7 b5
37.cxb5 Kg7 38.b6 h5+ 39.Kf3 Be5 40.b7 Bb8 41.Rd8 Bc7 42.b8=Q Bxb8 43.Rxb8 1-0

[Event "Individual Zaragoza Primera 2015"]
[Site ""]
[Date "2015.11.01"]
[Round "5.33"]
[White "Soriano Martinez Adolfo"]
[Black "Requena Briones Rafael Marian"]
[Result "1-0"]
[WhiteElo "1476"]
[BlackElo "1615"]

1.e4 c5 2.Nf3 d6 3.Bb5+ Bd7 4.Bxd7+ Nxd7 5.c4 g6 6.Nc3 Bg7 7.b3 Ngf6 8.d3 O-O
9.O-O Ng4 10.Bb2 Nge5 11.Rb1 Nxf3+ 12.Qxf3 Ne5 13.Qd1 Qd7 14.h3 Nc6 15.Ne2 e5
16.Nc3 Nd4 17.Nd5 f5 18.Bxd4 exd4 19.f3 f4 20.Qe1 g5 21.g4 fxg3 22.Qxg3 Be5
23.Qg2 b5 24.f4 Bh8 25.fxg5 Rab8 26.Rxf8+ Rxf8 27.Rf1 b4 28.Rxf8+ Kxf8 29.Qf3+
Kg7 30.Qf5 Qxf5 31.exf5 a5 32.Kf2 Kf7 33.Kf3 h6 34.Ke4 Bg7 35.Nc7 hxg5 36.Kd5
Ke7 37.Nb5 Be5 38.Na7 Kd7 39.Nc6 Bg7 40.Nxa5 Bf6 41.Nc6 Bg7 42.Na7 Bf6 43.Nb5
Be5 44.f6 Bxf6 45.Nxd6 Be7 46.Nb7 Kc7 47.Nxc5 Kb6 48.Ne6 Bf6 49.Nxd4 Bh8 50.
Nf5 Bc3 51.Ne7 Bd2 52.Nf5 Be1 53.Nd6 Kc7 54.d4 Bd2 55.c5 Kd7 56.Nb5 Bf4 57.Kc4
Bd2 58.c6+ Kc8 59.d5 1-0

[Event "Individual Zaragoza Primera 2015"]
[Site ""]
[Date "2015.11.01"]
[Round "5.34"]
[White "Marin Fuertes Angel Maria"]
[Black "Roldán Pérez Juan José"]
[Result "1-0"]
[WhiteElo "1871"]
[BlackElo "1573"]

1.e4 e6 2.d4 d5 3.Nc3 Nf6 4.Bg5 Be7 5.e5 Nfd7 6.Bxe7 Qxe7 7.Qg4 f6 8.f4 a6 9.
Nf3 f5 10.Qh5+ g6 11.Qg5 Nc6 12.Qxe7+ Kxe7 13.a3 Nb6 14.Be2 Bd7 15.O-O-O Na5
16.b3 h6 17.h4 Nc6 18.h5 Rag8 19.hxg6 Rxg6 20.Nh4 Rg3 21.Kb2 Be8 22.Bf3 Nd8
23.Nxd5+ Nxd5 24.Bxd5 c6 25.Bf3 Nf7 26.d5 cxd5 27.Bxd5 Rg4 28.Bxb7 Rxf4 29.
Ng6# 1-0

[Event "Individual Zaragoza Primera 2015"]
[Site ""]
[Date "2015.11.01"]
[Round "5.35"]
[White "Vallejo Blasco Arturo"]
[Black "De Pablo Raga Tomás"]
[Result "1-0"]
[WhiteElo "1662"]
[BlackElo "1567"]

1.e4 c6 2.Nf3 d5 3.exd5 cxd5 4.Ne5 Qd6 5.d4 Nc6 6.Bb5 Bd7 7.Bxc6 Bxc6 8.Qf3
Qf6 9.Qg4 h5 10.Qh3 e6 11.Qc3 Rc8 12.O-O Bd6 13.f4 Ne7 14.Qg3 Bb5 15.Rf2 Bxe5
16.fxe5 Qg6 17.Qb3 a6 18.Nc3 Bc6 19.Be3 O-O 20.Raf1 Nf5 21.Rf3 Rc7 22.a4 Rfc8
23.R1f2 Nxe3 24.Rxe3 b5 25.axb5 axb5 26.Rg3 Qh6 27.Ne2 Be8 28.Nf4 Rc4 29.c3 b4
30.h3 g6 31.h4 Ra8 32.Qc2 Ra1+ 33.Kh2 Ba4 34.b3 bxc3 35.Rd3 Rb4 36.Qxc3 g5 37.
hxg5 Qxg5 38.Rg3 1-0

[Event "Individual Zaragoza Primera 2015"]
[Site ""]
[Date "2015.11.01"]
[Round "5.37"]
[White "Abenia Porroche Roberto"]
[Black "Jardiel Dobato David"]
[Result "1-0"]
[WhiteElo "1634"]
[BlackElo "1724"]

1.e4 c5 2.Nc3 d6 3.f4 g6 4.Bc4 Bg7 5.Nf3 Nf6 6.d3 O-O 7.O-O Na6 8.Qe1 Nc7 9.
Qh4 Be6 10.Bxe6 Nxe6 11.f5 Nd4 12.Nxd4 cxd4 13.Ne2 Nh5 14.Rf3 e5 15.Bg5 f6 16.
Bd2 Qb6 17.b3 Rac8 18.Rc1 Rc7 19.fxg6 hxg6 20.Kf1 Kf7 21.g4 Nf4 22.Nxf4 exf4
23.g5 Ke8 24.Bxf4 Rcf7 25.Qg4 fxg5 26.Qe6+ Re7 27.Qxg6+ Kd7 28.Qxg5 Ref7 29.
Ke2 Qc6 30.h4 Kc7 31.h5 Be5 32.Bxe5 Rxf3 33.Qe7+ Qd7 34.Bxd6+ Kc6 35.Qxd7+
Kxd7 36.Bxf8 Rxf8 37.h6 Rh8 38.Rh1 Ke6 39.h7 Kf6 40.Kd2 Kg7 41.c3 dxc3+ 42.
Kxc3 Rc8+ 43.Kd4 Kh8 44.Rh2 Rc7 45.e5 Rd7+ 46.Ke4 1-0

[Event "Individual Zaragoza Primera 2015"]
[Site ""]
[Date "2015.11.01"]
[Round "5.38"]
[White "Valladolid Martin Luis"]
[Black "Zubialde Ayala Gonzalo"]
[Result "0-1"]
[WhiteElo "1593"]
[BlackElo "1851"]

1.e4 e5 2.Nf3 Nc6 3.Bc4 Bc5 4.c3 Nf6 5.d4 exd4 6.cxd4 Bb4+ 7.Bd2 Bxd2+ 8.Nbxd2
d6 9.O-O O-O 10.d5 Ne5 11.Nxe5 dxe5 12.Qc2 Nh5 13.Rac1 Qg5 14.Nf3 Qf6 15.g3
Bh3 16.Rfe1 Qxf3 17.Bf1 Bxf1 18.Rxf1 Rac8 19.d6 c6 20.Qc5 Qxe4 21.Rfe1 Qd5 22.
Rxe5 Qxc5 23.Rcxc5 Nf6 24.Re7 b6 25.Rce5 Rcd8 26.Rxa7 Rxd6 27.Ree7 Rd1+ 28.Kg2
Rd2 29.b4 Ng4 30.Kf3 Nxh2+ 31.Ke3 Rb2 32.Re4 Nf1+ 33.Kd3 Rxf2 34.a4 Nxg3 35.
Rg4 Nf5 36.Rb7 Ra2 37.Rxb6 Rxa4 38.Rxc6 Ne7 39.Rcc4 Nd5 40.Kd4 Rd8 41.Kc5 Ne3
42.Rcd4 Rc8+ 43.Kb5 Nxg4 44.Kxa4 Ne5 45.b5 Rc4+ 46.Rxc4 Nxc4 47.Kb4 Ne5 48.Kc5
Kf8 49.Kd6 f6 50.b6 Nc4+ 0-1

[Event "Individual Zaragoza Primera 2015"]
[Site ""]
[Date "2015.11.01"]
[Round "5.39"]
[White "Pérez Bella José Maria"]
[Black "Sanchez Pérez Carlos"]
[Result "1-0"]
[WhiteElo "1604"]
[BlackElo "1534"]

1.Nc3 Nf6 2.d4 g6 3.Bg5 Bg7 4.e3 O-O 5.Bd3 d6 6.h3 Nbd7 7.Nge2 a6 8.O-O c5 9.
Qd2 h6 10.Bh4 Re8 11.Rab1 b5 12.b3 Bb7 13.a4 b4 14.Nd1 Ne4 15.Bxe4 Bxe4 16.f3
Bb7 17.c4 Qc7 18.Bg3 e5 19.d5 f5 20.e4 f4 21.Bf2 Nf6 22.g3 fxg3 23.Nxg3 Qd7
24.Kg2 Bc8 25.Rh1 Rf8 26.Be3 Kh7 27.Nf2 Qf7 28.Qe2 Bd7 29.Rbf1 Rg8 30.Ng4 Raf8
31.Qd2 Nxg4 32.hxg4 h5 33.Bg5 Rh8 34.gxh5 Kg8 35.hxg6 Qxg6 36.Rxh8+ Bxh8 37.
Rh1 Bf6 38.Rh6 Qxg5 39.Qxg5+ Bxg5 40.Rg6+ Kf7 41.Rxg5 Rg8 42.Rxg8 Kxg8 43.Nf5
Bxa4 44.Nxd6 Bxb3 45.Nb7 Bxc4 46.d6 Be6 47.Nxc5 Kf7 48.d7 Bxd7 49.Nxd7 b3 50.
Nxe5+ Ke6 51.Nc4 a5 52.Nb2 Kd6 53.f4 Kc5 54.f5 Kb4 55.f6 a4 56.f7 Ka3 57.Nxa4
Kxa4 58.f8=Q b2 59.Qb8 Ka3 1-0

[Event "Individual Zaragoza Primera 2015"]
[Site ""]
[Date "2015.11.01"]
[Round "5.40"]
[White "Celma Pueyo Ramón"]
[Black "Maisterra Merino Aaron"]
[Result "1-0"]
[WhiteElo "1594"]
[BlackElo "1449"]

1.d4 d5 2.c4 e6 3.Nc3 Nf6 4.Nf3 Be7 5.e3 c5 6.Bd3 O-O 7.O-O a6 8.Qc2 h6 9.Ne2
Nc6 10.a3 cxd4 11.exd4 dxc4 12.Bxc4 Bd6 13.Rd1 Re8 14.Bf4 Bxf4 15.Nxf4 Qc7 16.
Ne2 b5 17.Ba2 Bb7 18.Ne5 Rac8 19.Rac1 Re7 20.Bb1 Nxd4 21.Qxc7 Nxe2+ 22.Kf1
Rcxc7 23.Rxc7 1-0

[Event "Individual Zaragoza Primera 2015"]
[Site ""]
[Date "2015.11.08"]
[Round "6.1"]
[White "Garcia Estruch Jorge"]
[Black "Sanchez Vallés José Maria"]
[Result "1-0"]
[WhiteElo "1847"]
[BlackElo "1782"]

1.e4 c5 2.d4 cxd4 3.c3 dxc3 4.Nxc3 d6 5.Nf3 Nc6 6.Bc4 g6 7.O-O Bg7 8.Bf4 Nf6
9.Qe2 O-O 10.Rfd1 Qa5 11.Nd5 Bg4 12.h3 Bxf3 13.Qxf3 Nxd5 14.Rxd5 Qd8 15.Rad1
Qe8 16.Qb3 Kh8 17.Be3 f5 18.exf5 Rxf5 19.Rxf5 gxf5 20.Be6 Qg6 21.Qxb7 Rf8 22.
Bxf5 Qxf5 23.Qxc6 Bxb2 24.Bxa7 Qa5 25.Qc2 Be5 26.Be3 Rb8 27.Qc4 d5 28.Qc5 Qd8
29.f4 1-0

[Event "Individual Zaragoza Primera 2015"]
[Site ""]
[Date "2015.11.08"]
[Round "6.2"]
[White "Miranda Garcia Eduardo"]
[Black "Landa Garriga Francisco Javier"]
[Result "1-0"]
[WhiteElo "1765"]
[BlackElo "1838"]

1.e4 e5 2.Nf3 Nc6 3.Bb5 a6 4.Ba4 Nf6 5.O-O Be7 6.Re1 b5 7.Bb3 d6 8.h3 O-O 9.d4
exd4 10.Nxd4 Nxd4 11.Qxd4 c5 12.Qc3 c4 13.Bxc4 bxc4 14.Qxc4 Be6 15.Qd3 Qb6 16.
c4 Qb4 17.Nd2 Nd7 18.b3 Bf6 19.Rb1 Rfd8 20.Re3 Qc5 21.Nf3 Ne5 22.Qe2 Nxf3+ 23.
Rxf3 Be5 24.Rd3 f5 25.Bb2 Bxb2 26.Rxb2 fxe4 27.Qxe4 Bf5 28.Qd5+ Qxd5 29.Rxd5
Be6 30.Rd4 Rd7 31.Rbd2 Rad8 32.g4 d5 33.c5 Rc8 34.b4 Rb7 35.f4 Kf8 36.a3 Ke7
37.Kf2 Kd7 38.Kf3 a5 39.f5 Bf7 40.Kf4 axb4 41.axb4 Rcb8 42.Rb2 Rb5 43.g5 Rxc5
44.g6 hxg6 45.fxg6 Bg8 46.Ra2 Rcb5 47.Ra7+ R5b7 48.Ra4 Kd6 49.Ra6+ Ke7 50.Ke5
Kd7 51.Rd6+ Kc7 52.Ra6 Re8+ 53.Kf4 Be6 54.h4 Bc8 55.Ra5 Be6 56.Ra6 Re7 57.h5
Rb6 58.Ra7+ Kd6 59.Ra8 Reb7 60.Ra4 Kc6 61.Ke5 Kb5 62.Ra5+ Kc6 63.Kxe6 Rxb4 64.
Rxb4 Rxb4 65.Kf7 Rb7+ 66.Kf8 d4 67.h6 gxh6 68.g7 Kb6 69.Rd5 1-0

[Event "Individual Zaragoza Primera 2015"]
[Site ""]
[Date "2015.11.08"]
[Round "6.3"]
[White "Santos Morales Julio César"]
[Black "Arrieta Otero Germán"]
[Result "1-0"]
[WhiteElo "1837"]
[BlackElo "1641"]

1.d4 Nf6 2.c4 e5 3.dxe5 Ng4 4.e4 Nxe5 5.Be3 Nbc6 6.Nd2 Nb4 7.Ndf3 Qf6 8.a3
Nbc6 9.Qc2 b6 10.O-O-O h6 11.Be2 Bb7 12.Nxe5 Nxe5 13.f4 Ng6 14.e5 Qe6 15.Nf3
Ne7 16.Nd4 Qg6 17.Qd2 Nf5 18.Nxf5 Qxf5 19.g4 Qe6 20.f5 Qe7 21.Rhe1 O-O-O 22.
Bf4 g5 23.Bg3 Qc5 24.e6 fxe6 25.fxe6 Bc6 26.Qc3 Be7 27.b4 Bf6 28.Qxf6 Qe3+ 29.
Kc2 Be4+ 30.Bd3 Bxd3+ 31.Rxd3 Rhf8 32.Qxd8+ 1-0

[Event "Individual Zaragoza Primera 2015"]
[Site ""]
[Date "2015.11.08"]
[Round "6.4"]
[White "Obon Zuñiga Francisco"]
[Black "Carruez Gracia Eduardo"]
[Result "0-1"]
[WhiteElo "1807"]
[BlackElo "1706"]

1.d4 Nf6 2.c4 g6 3.Nc3 Bg7 4.e4 d6 5.f3 O-O 6.Be3 e5 7.d5 c6 8.Qd2 Nh5 9.Nge2
f5 10.O-O-O f4 11.Bf2 c5 12.Kb1 a6 13.Nc1 Bd7 14.Bd3 Nf6 15.g4 Ne8 16.g5 Bh3
17.Bf1 Bxf1 18.Rdxf1 Qxg5 19.h4 Qd8 20.Rfg1 Nf6 21.Nd3 Nbd7 22.Be1 Nh5 23.Nf2
Rb8 24.Nh3 Bf6 25.Ng5 Bxg5 26.Rxg5 Ndf6 27.Rhg1 Qe8 28.a4 b6 29.Qc2 Rf7 30.Nd1
b5 31.cxb5 axb5 32.a5 b4 33.b3 Qb5 34.Nb2 Qxa5 35.Nc4 Qd8 36.Qg2 Ra8 37.Qh3
Rfa7 38.Qe6+ Kh8 39.Nxd6 Ra1+ 40.Kc2 R8a2+ 41.Kd3 Rd1+ 42.Kc4 Rc1+ 43.Kd3 Rd1+
44.Kc4 Rd4+ 45.Kxc5 Qc7+ 46.Kb5 Ra5# 0-1

[Event "Individual Zaragoza Primera 2015"]
[Site ""]
[Date "2015.11.08"]
[Round "6.5"]
[White "Galvez Longas Isaac"]
[Black "Nedov Octavian"]
[Result "0-1"]
[WhiteElo "1718"]
[BlackElo "1814"]

1.c4 c6 2.d4 d5 3.e3 e6 4.Nc3 Nd7 5.Nf3 Ngf6 6.Bd3 Be7 7.O-O a6 8.cxd5 exd5 9.
Re1 O-O 10.e4 dxe4 11.Nxe4 Nxe4 12.Bxe4 Nf6 13.Bc2 Bg4 14.Be3 Bb4 15.Rf1 Qd6
16.h3 Bh5 17.g4 Bg6 18.Bxg6 fxg6 19.Ne5 Qd5 20.f4 Rad8 21.a3 Bd6 22.Rc1 Kh8
23.Qe1 Rde8 24.Qf2 Qb3 25.Rc3 Qd5 26.Rcc1 Kg8 27.Qc2 Re7 28.g5 Nh5 29.Qc4 Qxc4
30.Rxc4 Ng3 31.Rf3 Ne4 32.Kg2 Rd8 33.Rf1 Bb8 34.Kf3 Nd6 35.Rb4 Nf5 36.Rc4 Ba7
37.Rd1 Re6 38.d5 Nxe3 39.dxe6 Nxd1 40.e7 Re8 41.Rc2 Ne3 42.Rd2 Nd5 43.Re2 Rxe7
44.Rd2 Be3 45.Rxd5 cxd5 46.Kxe3 Re6 47.Kd4 Rb6 48.b4 Rb5 49.Nd3 a5 50.Kc3
axb4+ 51.axb4 Kf7 52.Kd4 Ke6 53.Ke3 Kf5 54.Kd4 h6 55.gxh6 gxh6 56.Ke3 g5 57.
fxg5 Kxg5 58.Kf3 Kh4 59.Kg2 d4 60.Kf3 Rd5 61.Nf4 Rd6 62.Ke4 Kg3 63.Ne2+ Kxh3
64.Nxd4 h5 65.b5 h4 0-1

[Event "Individual Zaragoza Primera 2015"]
[Site ""]
[Date "2015.11.08"]
[Round "6.6"]
[White "Lorente Aguar Ruben"]
[Black "Garcia Mendez Beatriz"]
[Result "1-0"]
[WhiteElo "1668"]
[BlackElo "1766"]

1.e4 c6 2.d4 d5 3.e5 g6 4.f4 Bg7 5.h3 h5 6.g3 Nh6 7.Be3 Na6 8.Nd2 e6 9.Nb3 Nf5
10.Bf2 b6 11.Bg2 Qc7 12.Qe2 Bb7 13.O-O-O O-O-O 14.c4 c5 15.cxd5 exd5 16.dxc5
Nxc5 17.Nxc5 bxc5 18.Kb1 Rhe8 19.g4 hxg4 20.hxg4 Ne7 21.Bxc5 Qxc5 22.Rc1 Qxc1+
23.Kxc1 d4 24.Bxb7+ Kxb7 25.Qb5+ Ka8 26.Nf3 Rc8+ 27.Kb1 Red8 28.Rd1 Nc6 29.Rc1
Ne7 30.Rxc8+ Nxc8 31.Qd3 1-0

[Event "Individual Zaragoza Primera 2015"]
[Site ""]
[Date "2015.11.08"]
[Round "6.7"]
[White "Monge Arrufat José Miguel"]
[Black "Martinez Saenz Esteban"]
[Result "1-0"]
[WhiteElo "1661"]
[BlackElo "1761"]

1.d4 g6 2.e4 c6 3.Be3 d5 4.Nc3 Bg7 5.Nge2 Nh6 6.f3 f6 7.Qd2 Nf7 8.Nf4 e5 9.
dxe5 fxe5 10.Nxg6 hxg6 11.exd5 cxd5 12.Nxd5 Nc6 13.O-O-O Be6 14.Bc4 Bxd5 15.
Bxd5 O-O 16.Bc5 Bh6 17.Qxh6 1-0

[Event "Individual Zaragoza Primera 2015"]
[Site ""]
[Date "2015.11.08"]
[Round "6.8"]
[White "Gastón Cabello Jorge"]
[Black "Glaria Tevar Salvador"]
[Result "1-0"]
[WhiteElo "1731"]
[BlackElo "1846"]

1.d4 e6 2.Nf3 f5 3.Bf4 Nf6 4.e3 Be7 5.Nbd2 O-O 6.h3 d6 7.Bc4 Qe8 8.c3 b5 9.Be2
Kh8 10.a4 Bd7 11.axb5 Bxb5 12.c4 Bc6 13.b4 Bd8 14.b5 Bb7 15.O-O a6 16.Qb3 axb5
17.Rxa8 Bxa8 18.Ra1 Bb7 19.Ra7 Bxf3 20.Bxf3 e5 21.dxe5 dxe5 22.Bh2 e4 23.Be2
Nc6 24.Ra8 Qd7 25.Nf1 b4 26.Qa4 Be7 27.Rxf8+ Bxf8 28.c5 Nd5 29.Bb5 Nde7 30.
Qxb4 Qd5 31.Qa4 g6 32.Qa1+ Kg8 33.Qc1 Na5 34.Bxc7 Nec6 35.Bxa5 Nxa5 36.Qc3 Qa8
37.c6 1-0

[Event "Individual Zaragoza Primera 2015"]
[Site ""]
[Date "2015.11.08"]
[Round "6.9"]
[White "Castera Montagud Rafael"]
[Black "Aviol Pérez José Mariano"]
[Result "0-1"]
[WhiteElo "1727"]
[BlackElo "1820"]

1.Nf3 d5 2.d4 Nf6 3.Bf4 c5 4.e3 Nc6 5.c3 Qb6 6.dxc5 Qxb2 7.Nbd2 Bf5 8.Nd4 Bg6
9.Bb5 Rc8 10.O-O e6 11.N2f3 Bxc5 12.Ne5 O-O 13.Nxg6 hxg6 14.Qd3 Ne4 15.c4 Nxd4
16.exd4 Bxd4 17.Rab1 Nxf2 18.Qf3 Qxa2 19.Be3 Bxe3 20.Qxe3 Ne4 21.cxd5 Qxd5 22.
Bd3 Qc5 0-1

[Event "Individual Zaragoza Primera 2015"]
[Site ""]
[Date "2015.11.08"]
[Round "6.10"]
[White "Carrasquer Muñoz Alberto"]
[Black "Miranda Blasco Fernando"]
[Result "1-0"]
[WhiteElo "1799"]
[BlackElo "1644"]

1.e4 c6 2.d4 d5 3.Nc3 dxe4 4.Nxe4 Bf5 5.Ng3 Bg6 6.h4 h6 7.Nf3 Nf6 8.Ne5 Bh7 9.
Bc4 e6 10.Qe2 Nd5 11.O-O Qxh4 12.Bxd5 exd5 13.Ng6+ 1-0

[Event "Individual Zaragoza Primera 2015"]
[Site ""]
[Date "2015.11.08"]
[Round "6.11"]
[White "Fernández Sierra Pedro José"]
[Black "Iglesias Fernandez Luis"]
[Result "0-1"]
[WhiteElo "1653"]
[BlackElo "1764"]

1.c4 e5 2.Nc3 Nc6 3.g3 f5 4.d3 Nf6 5.Bg2 Bc5 6.Nf3 d6 7.a3 a6 8.e3 Ba7 9.O-O
O-O 10.b4 Qe8 11.d4 e4 12.Nd2 Ng4 13.h3 Nf6 14.Nb3 Qf7 15.Qe2 b5 16.Nd2 Bxd4
17.Bb2 Bxc3 18.Bxc3 bxc4 19.Nxc4 Be6 20.Nb2 Nd5 21.Rac1 Nxc3 22.Rxc3 Ne5 23.
Rfc1 c6 24.Rd1 Bd5 25.Qd2 Qh5 26.Kh2 Rf6 27.Na4 Nf3+ 28.Bxf3 exf3 29.Nb6 Qxh3+
0-1

[Event "Individual Zaragoza Primera 2015"]
[Site ""]
[Date "2015.11.08"]
[Round "6.12"]
[White "Carreras Villagrasa Pablo"]
[Black "Pascual Sesé Lucas"]
[Result "1-0"]
[WhiteElo "1548"]
[BlackElo "1755"]

1.b3 e5 2.Bb2 d6 3.e3 g6 4.d4 Nd7 5.dxe5 dxe5 6.Nf3 Bg7 7.Bc4 Ne7 8.Ng5 O-O 9.
Bxf7+ Rxf7 10.Ne6 Qe8 11.Nxc7 Qf8 12.Nxa8 Rxf2 13.Qd3 Rxg2 14.Rf1 Qd8 15.Nc3
Nc6 16.Qd5+ Kh8 17.Qxg2 1-0

[Event "Individual Zaragoza Primera 2015"]
[Site ""]
[Date "2015.11.08"]
[Round "6.13"]
[White "Teresa Moya Alejandro"]
[Black "Peña Gil José Alejandro"]
[Result "1-0"]
[WhiteElo "1751"]
[BlackElo "1573"]

1.Nc3 d5 2.e4 dxe4 3.Nxe4 e6 4.d4 Nf6 5.Bd3 Nbd7 6.Nf3 b6 7.Qe2 Bb7 8.Neg5 Qe7
9.Bf4 h6 10.Ne4 Nd5 11.Bg3 f5 12.Nc3 N7f6 13.Be5 a6 14.Nxd5 Nxd5 15.c3 Qd7 16.
Bxf5 O-O-O 17.Bd3 Bd6 18.O-O Rhf8 19.Bxa6 Nf4 20.Bxb7+ Kxb7 21.Qe4+ c6 22.Bxd6
Qxd6 23.Ne5 Rf5 24.b4 b5 25.a4 Qd5 26.Qxd5 Rxd5 27.Rfe1 g5 28.a5 Rd6 29.f3 Nd5
30.Rac1 h5 31.Nd3 Rf6 32.Nc5+ Ka7 33.Ne4 Nf4 34.Nxf6 Nd3 35.Nxh5 e5 36.dxe5
Rh6 37.Nf6 g4 38.Nxg4 Re6 39.Rcd1 Nxe1 40.Rxe1 Kb7 41.f4 Kc7 42.f5 1-0

[Event "Individual Zaragoza Primera 2015"]
[Site ""]
[Date "2015.11.08"]
[Round "6.14"]
[White "Navarro Rubio Rafael"]
[Black "Garcia Garcia Enrique"]
[Result "0-1"]
[WhiteElo "1595"]
[BlackElo "1750"]

1.e4 c5 2.Nf3 d6 3.d4 Nf6 4.Nc3 cxd4 5.Nxd4 a6 6.Bd3 e5 7.Nb3 Be7 8.O-O O-O 9.
Bg5 Be6 10.Bxf6 Bxf6 11.Nd5 Nd7 12.Rc1 Bg5 13.Ra1 Nb6 14.c4 Rc8 15.Na5 Bxd5
16.exd5 Nxd5 17.Nxb7 Qb6 18.Bxh7+ Kxh7 19.Qxd5 Rc6 20.Qd3+ Kg8 21.Qb3 Qc7 22.
Nxd6 Rxd6 23.Qa4 Rb8 24.b3 Be7 25.Rfd1 Rxd1+ 26.Rxd1 Qb6 27.Kf1 Bc5 28.Rd2 e4
29.Qd7 e3 30.fxe3 Bxe3 31.Rd6 Qc5 32.Rxa6 Qg5 33.Rd6 Qf4+ 34.Ke2 Qf2+ 35.Kd3
Qd2+ 36.Ke4 f5+ 37.Kxf5 Rf8+ 38.Ke4 Rf4+ 39.Ke5 Qc3+ 40.Kd5 Qd4+ 41.Kc6 Qb6+
42.Kd5 Rd4+ 43.Ke6 Re4+ 44.Kd5 Qd4+ 45.Kc6 Qc5+ 46.Kb7 Qb4+ 47.Kc8 Bg5 48.Rd5
Qf8+ 49.Kb7 Re7 50.Kc6 Rxd7 51.Rxd7 Qa8+ 0-1

[Event "Individual Zaragoza Primera 2015"]
[Site ""]
[Date "2015.11.08"]
[Round "6.15"]
[White "Miranda Herrera Miguel"]
[Black "Navarro Sancho Rafael"]
[Result "0-1"]
[WhiteElo "1318"]
[BlackElo "1732"]

1.d3 e5 2.Nf3 Nc6 3.g3 Nge7 4.Bg2 Ng6 5.O-O Be7 6.c4 O-O 7.Nc3 d6 8.a3 Be6 9.
e3 Qc8 10.b4 Bh3 11.b5 Nd8 12.Bb2 Bxg2 13.Kxg2 c6 14.a4 f5 15.Qc2 f4 16.d4 Qg4
17.h3 Qd7 18.dxe5 dxe5 19.Rad1 Qc7 20.Rd3 Ne6 21.Ne4 Rad8 22.Rfd1 Rxd3 23.Rxd3
fxg3 24.fxg3 cxb5 25.axb5 Rc8 26.c5 Nxc5 27.Nxc5 Qxc5 28.Qb3+ Qc4 29.Qxc4+
Rxc4 30.Nxe5 Rc2+ 31.Kf1 Rxb2 32.Rd7 Nxe5 0-1

[Event "Individual Zaragoza Primera 2015"]
[Site ""]
[Date "2015.11.08"]
[Round "6.16"]
[White "Ruiz Gutierrez José Manuel"]
[Black "Enguita Ibarra Hugo"]
[Result "1-0"]
[WhiteElo "1795"]
[BlackElo "1506"]

1.c4 e5 2.Nc3 Nf6 3.Nf3 Nc6 4.g3 d5 5.cxd5 Nxd5 6.Nxd5 Qxd5 7.Bg2 e4 8.Ng1 Bf5
9.Nh3 Bd6 10.O-O h5 11.d3 Qe6 12.Ng5 Qe7 13.Nxe4 Bxe4 14.Bxe4 h4 15.Qb3 O-O-O
16.Be3 Bc5 17.Bxc5 Qxc5 18.Rac1 Qh5 19.Bf3 Qg6 20.Rc4 Na5 21.Qb5 Nxc4 22.Bxb7+
Kb8 23.Be4+ Qb6 24.Qxc4 Rhf8 25.Rc1 f5 26.Bf3 g5 27.Rc3 Kc8 28.Rb3 Qd6 29.Rb5
Qe7 30.Qc6 Qf6 31.Rb8+ 1-0